El fin de la locura
שמור ב:
| מחבר ראשי: | |
|---|---|
| פורמט: | ספר |
| שפה: | Spanish |
| יצא לאור: |
Barcelona, España
Editorial Seix Barral
2003
|
| נושאים: | |
| תגים: |
הוספת תג
אין תגיות, היה/י הראשונ/ה לתייג את הרשומה!
|
MARC
| LEADER | 00000nam a22000007a 4500 | ||
|---|---|---|---|
| 008 | 180924b xxu||||| |||| 00| 0 spa d | ||
| 040 | |a cru BVZT | ||
| 090 | |a 860 V-19e | ||
| 100 | |a Volpi, Jorge | ||
| 245 | |a El fin de la locura |c Jorge Volpi | ||
| 260 | |a Barcelona, España |b Editorial Seix Barral |c 2003 | ||
| 300 | |a 475 páginas | ||
| 650 | |a LITERATURA LATINOAMERICANA |9 15 | ||
| 650 | |a NOVELA |9 13 | ||
| 999 | |c 30600 |d 30600 | ||
| 942 | |c LIB |h 860 V-19e |2 z | ||
